[Event "Evry op"]
[Site "Evry"]
[Date "2007.10.31"]
[Round "1"]
[White "Atanley, Christian"]
[Black "Msellek, Ilyass"]
[Result "0-1"]
[WhiteElo "1380"]
[BlackElo "1892"]
[PlyCount "77"]
[EventDate "2007.10.31"]
[EventType "swiss"]
[EventRounds "9"]
[EventCountry "FRA"]
[SourceTitle "EXT 2009"]
[Source "ChessBase"]
[SourceDate "2008.11.26"]
[SourceVersion "1"]
[SourceVersionDate "2008.11.26"]
[SourceQuality "1"]

1. e4 c5 2. d4 cxd4 3. Qxd4 Nc6 4. Qd1 Nf6 5. f3 e6 6. Bb5 Qa5+ 7. Nc3 Bb4 8. Bxc6 Bxc3+ 9. bxc3 Qxc3+ 10. Bd2 Qxc6 11. Ne2 0-0 12. 0-0 d5 13. Nc3 dxe4 14. f4 e3 15. Be1 Qb6 16. Kh1 Bd7 17. Rf3 Bc6 18. Rg3 Nd5 19. Nxd5 exd5 20. Bc3 g6 21. Bd4 Qc7 22. Bxe3 Rfe8 23. f5 Qe5 24. fxg6 fxg6 25. Bd4 Qe2 26. Qxe2 Rxe2 27. Re3 Rd2 28. c3 Rf8 29. a3 Rff2 30. Rg1 Ra2 31. Bc5 d4 32. Rg3 Rfd2 33. Bxd4 Rxa3 34. h4 Rxd4 35. cxd4 Rxg3 36. Kh2 Rxg2+ 37. Rxg2 Bxg2 38. Kxg2 a5 39. Kf2 0-1